000 00809nam a2200181 4500
001 114059
003 ES-MaACL
005 20230906190052.0
007 t|
008 061121s1972 sp r ||||1| spa d
100 1 _aPalomar Collado, Patricio.
_988664
245 1 0 _aAldabonazos
_b: a la sensibilidad ciudadana, a la conciencia profesional, a la actuación cívica y política... y repique : [medio siglo de actuación técnica y social, 1918-1968] /
_cPatricio Palomar Collado ; presentación de José Mª Pi Suñer ; ilustraciones de Patricio Palomar Valls.
260 _aBarcelona :
_bEditores Técnicos Asociados,
_c1972.
300 _a2 t. en 1 v. :
_bil. ;
_c25 cm.
700 1 _aPi Suñer, José María.
_991727
700 1 _aPalomar Valls, Patricio.
_988671
852 _aES-MaACL
_jC-42700
_bR.81962
999 _c114059
_d114059